Normal view
MARC view
- Dr. Muhammad Khawar Nawazish
Entry Personal Name
001 - CONTROL NUMBER
- control field: 127797
003 - CONTROL NUMBER IDENTIFIER
- control field: NUST
005 - DATE AND TIME OF LATEST TRANSACTION
- control field: 20250210112728.0
008 - FIXED-LENGTH DATA ELEMENTS
- fixed length control field: 250210|| aca||aabn | a|a d
040 ## - CATALOGING SOURCE
- Original cataloging agency: NUST
- Transcribing agency: NUST
100 ## - HEADING--PERSONAL NAME
- Personal name: Dr. Muhammad Khawar Nawazish
670 ## - SOURCE DATA FOUND
- Source citation: Work cat.: (NUST): Dr. Muhammad Khawar Nawazish, Urdu aur Hindi: Wahdat/Sanviat /اردو اور ہندی وحدت ثنو, 2020
